• 首页
  • 本馆介绍
  • 公告通知
  • 最新文献
  • 馆藏检索
  • 电子资源
  • 读者导购
  • 参考咨询
  • 我的图书馆
  • 登录
  • 详细信息显示
  • 放入我的书架
  • 预约/预借图书
  • 作者相关作品
  • 分类相关作品
  • 丛书相关作品
  • 出版社相关作品

书目信息

  • 表格格式
  • 工作单格式
  • 卡片格式
题名:
走进修业大学堂
    
 
作者: 戴荣四 , 邹晓卓 主编
分册: 第一卷  
出版信息: 北京   光明日报出版社  2018.06
页数: 275页
开本: 24cm
丛书名: 高校校园文化建设成果文库
单 册:
中图分类: Z427.6 , S-40
科图分类:
主题词: 社会科学--文集 , 自然科学--文集 , 农业科学
电子资源:
ISBN: 978-7-5194-4246-0
000 01014oam2 2200289 450
001 5454
005 20181016161909.40
010    @a978-7-5194-4246-0@b精装@dCNY68.00
100    @a20180913d2018 em y0chiy50 ea
101 0  @achi
102    @aCN@b110000
105    @aa z 000yy
200 1  @a走进修业大学堂@9zou jin xiu ye da xue tang@h第一卷@f戴荣四,邹晓卓主编
210    @a北京@c光明日报出版社@d2018.06
215    @a275页@c图,照片@d24cm
225 1  @a高校校园文化建设成果文库
330    @a本书分为教学育人、经济文化、科学研究三部分,收录了《漫谈科研与教学》《职业教育课程设计理念与教学策略》《中国粮食安全问题的瓶颈与对策》《提升创新能力,夯实强校之基》《管理与管理者》等文章。
461  0 @12001 @a高校校园文化建设成果文库
606 0  @a社会科学@j文集
606 0  @a自然科学@j文集
606 0  @a农业科学
690    @aZ427.6@v5
690    @aS-40@v4
701  0 @a戴荣四@9dai rong si@4主编
701  0 @a邹晓卓@9zou xiao zhuo@4主编
801  0 @aCN@b91MARC@c20180913
905    @aMuseLib@dS-40@e55:1
    
    走进修业大学堂.第一卷/戴荣四,邹晓卓主编.-北京:光明日报出版社,2018.06
    275页:图,照片;24cm.-(高校校园文化建设成果文库)
    
    
    ISBN 978-7-5194-4246-0(精装):CNY68.00
    本书分为教学育人、经济文化、科学研究三部分,收录了《漫谈科研与教学》《职业教育课程设计理念与教学策略》《中国粮食安全问题的瓶颈与对策》《提升创新能力,夯实强校之基》《管理与管理者》等文章。
●
相关链接 在E读中查询图书 在五车中查询图书 在当当中查询图书 在豆瓣中查询图书


正题名:走进修业大学堂     索取号:S-40/55:1         预约/预借

序号 登录号 条形码 馆藏地/架位号 状态 备注
1 1129785   211297853   第二样本阅览室/ [索取号:S-40/55:1] 在馆    
2 1129786   211297862   第三借阅区/ [索取号:S-40/55:1] 在馆    
3 1129787   211297871   密集书库-资源管理系/ [索取号:S-40/55:1] 在馆    
4 1129788   211297880   第三借阅区/ [索取号:S-40/55:1] 在馆    
5 1129789   211297899   第三借阅区/ [索取号:S-40/55:1] 在馆    
唐山师范学院图书馆 欢迎您!
大连网信软件有限公司© 版权所有